Culture Générale - Série 1153 - Statistiques

Statistiques générales
  • Ce quiz a été pris 105 fois
  • Le résultat moyen est 7 sur 10
Statistiques - réponses
Question Réponse % Correct
Dans quel pays d'Europe se situe la chaîne montagneuse de la Sierra Nevada ? Espagne
94%
Remplacez le mot "dragée" par le bonbon qui convient dans l'expression : "Cucul la dragée". praline
94%
Si on dresse la liste des pays du monde par ordre alphabétique, lequel arrive en dernière position ? Zimbabwe
94%
Quel sens est affecté par l'agueusie ? goût
88%
Dans l'alphabet phonétique de l'OTAN, la lettre "B" est désignée par le mot "Bravo". Quel mot désigne la lettre "C" ? Charlie
82%
Comment se prénommait l'écrivain Rabelais, créateur de Pantagruel et de Gargantua ? François
68%
De quelle ville d'Allemagne Stephan Derrick est-il l'inspecteur en chef de la police criminelle ? Munich
63%
Quel adjectif qualificatif utilise-t-on, pour désigner un métis dont l'un des parents est asiatique et l'autre européen ? eurasien
53%
De quelle mythique chanteuse de rock des années 1960, dont les initiales sont "JJ" s'inspire le film "The Rose" avec Bette Midler ? Janis Joplin
50%
En 1952, quel acteur incarne le peintre bohème Jerry Mulligan dans le film "Un Américain à Paris" ? Gene Kelly
16%
Aucun quiz correspondant
Distribution des résultats
% des personnes avec chaque résultat
Percentile par nombre de réponses
Votre historique - résultats
Vous n’avez pas pris ce quiz